Every Teammate of Donovan Mitchell Quiz - Statistics

General Stats
  • This quiz has been taken 29 times
    5 since last reset
  • The average score is 24 of 97
Answer Stats
GP Answer % Correct
227 Darius Garland
100%
265 Evan Mobley
100%
342 Rudy Gobert
100%
70 De'Andre Hunter
75%
216 Dean Wade
75%
30 Dennis Schroder
75%
38 Grayson Allen
75%
199 Isaac Okoro
75%
22 Isaiah Mobley
75%
26 James Harden
75%
283 Jarrett Allen
75%
113 Jaylon Tyson
75%
29 Keon Ellis
75%
132 Max Strus
75%
69 Nae'Qwan Tomlin
75%
89 Tristan Thompson
75%
180 Caris LeVert
50%
25 Emoni Bates
50%
339 Georges Niang
50%
348 Joe Ingles
50%
62 Lamar Stevens
50%
35 Lonzo Ball
50%
19 Matt Thomas
50%
178 Ricky Rubio
50%
189 Sam Merrill
50%
60 Thomas Bryant
50%
50 Tyrese Proctor
50%
204 Bojan Bogdanovic
25%
3 Chris Livingston
25%
166 Craig Porter Jr.
25%
8 Danny Green
25%
1 Darius Brown II
25%
221 Derrick Favors
25%
65 Hassan Whiteside
25%
107 Jae Crowder
25%
18 Javonte Green
25%
30 Jeff Green
25%
32 Joe Johnson
25%
189 Jordan Clarkson
25%
41 Kevin Love
25%
35 Larry Nance Jr.
25%
24 Luke Travers
25%
12 Marcus Morris Sr.
25%
170 Mike Conley
25%
4 Olivier Sarr
25%
8 Pete Nance
25%
370 Royce O'Neale
25%
55 Rudy Gay
25%
9 Tristan Enaruna
25%
81 Alec Burks
0%
77 Cedi Osman
0%
2 Chuma Okeke
0%
39 Damian Jones
0%
67 Dante Exum
0%
25 Danuel House Jr.
0%
3 David Stockton
0%
2 Denzel Valentine
0%
3 Dylan Windler
0%
28 Ed Davis
0%
114 Ekpe Udoh
0%
32 Elijah Hughes
0%
54 Emmanuel Mudiay
0%
58 Eric Paschall
0%
4 Erik McCree
0%
17 Ersan Ilyasova
0%
3 Greg Monroe
0%
42 Jared Butler
0%
37 Jarrell Brantley
0%
74 Jonas Jerebko
0%
9 J.T. Thor
0%
17 Juan Hernangomez
0%
4 Justin Wright-Foreman
0%
50 Juwan Morgan
0%
54 Kyle Korver
0%
7 Malik Fitts
0%
22 Mamadi Diakite
0%
80 Miye Oni
0%
5 Nate Wolters
0%
15 Naz Mitrou-Long
0%
15 Nickeil Alexander-Walker
0%
10 Nigel Williams-Goss
0%
3 Norvel Pelle
0%
126 Raul Neto
0%
20 Rayjon Tucker
0%
6 Riley Minix
0%
37 Robin Lopez
0%
39 Rodney Hood
0%
17 Shaquille Harrison
0%
4 Stanton Kidd
0%
88 Thabo Sefolosha
0%
70 Tony Bradley
0%
90 Trent Forrest
0%
72 Ty Jerome
0%
11 Tyler Cavanaugh
0%
32 Udoka Azubuike
0%
7 Xavier Sneed
0%
1 Zylan Cheatham
0%
No matching quizzes found
Score Distribution
Percent of People with Each Score
Percentile by Number Answered
Your Score History
You have not taken this quiz since the last reset